000 01206nam a22003497a 4500
003 CHAP
005 20220329141157.0
008 971010s1971 r 00010 d
010 _a63895
011 _a64867
035 _a71007
040 _cCHAP
090 _aTesis
100 0 0 _aGonzález Aguirre, Guillermo.
_948657
245 _aClasificación de los sistemas productores de bovinos de carne para el abasto en México
260 _aChapingo, Méx. :
_bEl autor,
_c1971
300 _a121 h. anexos
502 _aTesis (Ing. Agrónomo Esp. en Zootecnia) -- ENA. Departamento de Zootecnia
590 _aALEPH
_b10
_c20130110
_lUCH01
_h1347
590 _aBATCH-UPD
_b10
_c20130109
_lUCH01
_h2320
590 _aBATCH-UPD
_b10
_c20130110
_lUCH01
_h0629
590 _aBATCH-UPD
_b10
_c20130410
_lUCH01
_h0313
590 _aBATCH-UPD
_b10
_c20130914
_lUCH01
_h0845
590 _aCONVERSION
_b10
_c20130109
_lUCH01
_h1335
650 1 4 _aCarne
_xAbastecimiento
_xMéxico.
_919055
650 1 4 _aCarne
_xConsumo
_xMéxico.
_919068
710 0 _aENA. Departamento de Zootecnia.
_936706
901 _aBK
942 _cTESIS
949 _aG52
_bZ
_cTESBD
_d-3598
_eTS1
_i71007
_si
949 _bBC
_cTES
_d-46742
_eTS1
_i71007
_si
999 _c63895
_d63895